Methods of testing vulcanized rubber. Part A 26. Determination of hardness. (Record no. 73183)
[ view plain ]
| 000 -LEADER | |
|---|---|
| fixed length control field | 00349nam a2200121Ia 4500 |
| 245 #0 - TITLE STATEMENT | |
| Title | Methods of testing vulcanized rubber. Part A 26. Determination of hardness. |
| 260 ## - PUBLICATION, DISTRIBUTION, ETC. (IMPRINT) | |
| Year of publication | 1969 |
| 500 ## - GENERAL NOTE | |
| General note | Standard number: BS 903 Part A 27 |
| 650 ## - SUBJECT ADDED ENTRY--TOPICAL TERM | |
| Topical Term | Hardness |
| 650 ## - SUBJECT ADDED ENTRY--TOPICAL TERM | |
| Topical Term | Vulcanized rubber |
| 942 ## - ADDED ENTRY ELEMENTS (KOHA) | |
| Koha item type | Standards |
| Withdrawn status | Lost status | Damaged status | Not for loan | Collection code | Home library | Current library | Date acquired | Koha item type |
|---|---|---|---|---|---|---|---|---|
| Standards | British standards | RRII Library | RRII Library | 31/12/2021 | Standards |